Metódy zvyšovania výkonnosti
Metódy zvyšovania výkonnosti a efektívnosti podnikových procesov. Spôsoby budovania systému ako trvalého procesu zlepšovania činností v podniku. Spájenie metód v praxi s cieľom zlepšiť výkonnosť a konkurencieschopnosť podniku.
Salvato in:
| Autore principale: | |
|---|---|
| Natura: | Capitolo di libro |
| Lingua: | slovacco |
| Soggetti: | |
| Tags: |
Nessun Tag, puoi essere il primo ad aggiungerne!!
|
MARC
| LEADER | 00000nla$a2200000$$$4500 | ||
|---|---|---|---|
| 001 | 0124502 | ||
| 005 | 20240502072417.1 | ||
| 041 | 0 | |a slo | |
| 044 | |a SK | ||
| 245 | 1 | 0 | |a Metódy zvyšovania výkonnosti |c Miriam Kasanická |
| 520 | |a Metódy zvyšovania výkonnosti a efektívnosti podnikových procesov. Spôsoby budovania systému ako trvalého procesu zlepšovania činností v podniku. Spájenie metód v praxi s cieľom zlepšiť výkonnosť a konkurencieschopnosť podniku. | ||
| 610 | 2 | 0 | |a manažment |
| 610 | 2 | 0 | |a riadenie podnikové |
| 610 | 2 | 0 | |a riadenie procesné |
| 610 | 2 | 0 | |a metódy riadenia |
| 610 | 2 | 0 | |a procesy podnikové |
| 610 | 2 | 0 | |a hodnota pridaná ekonomická |
| 610 | 2 | 0 | |a efektívnosť |
| 610 | 2 | 0 | |a výkony podnikové |
| 610 | 2 | 0 | |a konkurencieschopnosť |
| 100 | 1 | |a Kasanická, Miriam | |